| 000 | 00685nam a2200253Ia 4500 | ||
|---|---|---|---|
| 003 | OSt | ||
| 005 | 20220926013143.0 | ||
| 006 | a|||||r|||| 00| 0 | ||
| 007 | ta | ||
| 008 | 220923b |||||||| |||| 00| 0 eng d | ||
| 037 | _cGeneral Book | ||
| 040 |
_aRTL _cRTL _beng |
||
| 041 |
_2eng _aeng |
||
| 082 | _aR2v73.N5, J1 | ||
| 100 | _aCurti Merle | ||
| 245 | 0 | _aGrowth of American thought | |
| 250 | _a2 | ||
| 260 |
_aNew York _bHarper and Row U. S. A. _c1951 |
||
| 300 |
_axviii, 910p. _ccm. |
||
| 500 | _aBibliography: P 801-76 | ||
| 650 |
_aPhilosophy-Epistemology _9317876 |
||
| 942 |
_hR2v73.N5, J1 _cGB _2CC |
||
| 999 |
_c625270 _d625270 |
||